000
00249nam a22001097a 4500
008
230620b xxu||||| |||| 00| 0 eng d
082
_a
324.26
_b
KANU
100
_c
KANU
245
_a
The KANU CODE OF DISCIPLINE 1986
300
_a
15P
942
_2
ddc
_c
BK
999
_c
1799
_d
1799